000 00531nam a2200181Ia 4500
003 OSt
005 20240325101135.0
008 210210b1948 xxu||||| |||| 00| 0 eng d
040 _cAL
041 _aKannada
082 _a859/1891
100 _aSHARASHCHANDRA CHATARJI:
_dಶರಶ್ಚಂದ್ರ ಚಟರ್ಜಿ
_9155908
245 _aSheshaprashne:
_bಶೇಷಪ್ರಶ್ನೆ
260 _aMaisuru
_bD V K Murthy, Prakashakaru.,
_c1948
690 _aKannada Fiction
_9155910
906 _a022608
942 _2ddc
_cBK
999 _c147070
_d147070